000
00322nam a22001337a 4500
005
20260211100725.0
020
_a
978-93-48125-10-1
082
_a
82-94=573.14 CHA
100
_a
CHANDRIKA DEVI, M
245
_a
Anayatha kanalormmakal (Malayalam)
260
_a
Thrissur
_b
Mangalodayam
_c
2025
300
_a
152p.
942
_c
BK
999
_c
75810
_d
75810